Demetra: miti e misteri /

Gespeichert in:
Bibliographische Detailangaben
1. Verfasser: Bruno, Valentina
Weitere Verfasser: Maghi, Anna
Format: Buch
Sprache:Italienisch
Veröffentlicht: Vetralla : Ghaleb, 2021
Tags: Tag hinzufügen
Keine Tags, Fügen Sie das erste Tag hinzu!

MARC

LEADER 00000nam a22000007i 4500
001 IT\ICCU\RMS\2978409
003 ItRI
005 20250816171048.0
008 210727s2021 it |||||| ||||| |||||c
020 |a 9788885261808 
040 |b ita  |c Arcigay Viterbo 
041 7 |a ita  |2 ISO-639-2 
100 1 |a Bruno, Valentina  |0 IT\ICCU\RMSV\926097 
245 1 0 |a Demetra: miti e misteri /  |c Valentina Bruno, Anna Maghi. 
260 |a Vetralla :  |b Ghaleb,  |c 2021 
300 |a 127 p. :  |b ill. ;  |c 20 cm 
700 1 |a Maghi, Anna  |0 IT\ICCU\RMSV\926098 
942 |2 ddc  |c BK  |n 0 
952 |0 0  |1 0  |2 ddc  |4 0  |6 299_100000000000000_BRU_DEM  |7 0  |9 9544  |a VT  |b VT  |d 2025-08-16  |e Donazione Alfonso Antoniozzi  |i B261  |l 0  |o 299.1 BRU DEM  |p B261  |r 2025-08-16 17:16:56  |w 2025-08-16  |y BK  |z Donazione Alfonso Antoniozzi 
981 1 |6 z01  |a i   |b xxxe  
982 1 |6 z01  |a n 
999 |c 7958  |d 7958